Bank Negara Malaysia : Laporan tahunan 2002.
| Corporate Author: | |
|---|---|
| Format: | Book |
| Published: |
Kuala Lumpur:
Bank Negara Malaysia,
2003.
|
| Subjects: |
| LEADER | 00474cam a2200157 7i4500 | ||
|---|---|---|---|
| 001 | 0000011973 | ||
| 005 | 20030410090000.0 | ||
| 022 | 0 | 0 | |a 01265989 |
| 090 | 0 | 0 | |a M 338.9 |b BAN |
| 110 | 2 | 0 | |a Bank Negara Malaysia |
| 245 | 2 | 0 | |a Bank Negara Malaysia : |b Laporan tahunan 2002. |
| 260 | 0 | 0 | |a Kuala Lumpur: |b Bank Negara Malaysia, |c 2003. |
| 300 | # | # | |a 267 p. |
| 650 | 0 | 0 | |a Bank Negara Malaysia -- |x Annual reports |
| 651 | 0 | 0 | |a Malaysia |
| 999 | |a 0000014594 |b Book |c Malaysia |e Business Information Centre | ||